Normal view
MARC view
Entry Topical Term
001 - CONTROL NUMBER
- control field: 79525
003 - CONTROL NUMBER IDENTIFIER
- control field: BDCtgAUW
005 - DATE AND TIME OF LATEST TRANSACTION
- control field: 20260127094104.0
008 - FIXED-LENGTH DATA ELEMENTS
- fixed length control field: 260127|| aca||aabn | a|a d
040 ## - CATALOGING SOURCE
- Original cataloging agency: BDCtgAUW
- Transcribing agency: BDCtgAUW
150 ## - HEADING--TOPICAL TERM
- Topical term or geographic name entry element: Istanbul (Turkey)
- General subdivision: History
- General subdivision: To 1453
670 ## - SOURCE DATA FOUND
- Source citation: Work cat.: (BDCtgAUW)1158: Downey, Glanville. 7770, Constantinople in the age of justinian :, .